Meranie požiarno-technických charakteristík vybraného druhu prachu v závislosti na veľkosti častíc

Salvato in:
Dettagli Bibliografici
Autore principale: Michalec, Roman (Autore)
Altri autori: Kuracina, Richard (Relatore della tesi)
Natura: Manoscritto Libro
Lingua:slovacco
Pubblicazione: 2019
Soggetti:
Accesso online:http://is.stuba.sk/zp/portal_zp.pl?podrobnosti=139602
Tags: Aggiungi Tag
Nessun Tag, puoi essere il primo ad aggiungerne!!

MARC

LEADER 00000ntm a22000003a 4500
001 stuzp74062
003 SK-STU
005 20190622211454.0
007 ta
008 150427s2015----xo-----f-mn---000-0-slo-d
040 |a STU  |b slo 
041 0 |a slo 
100 1 |a Michalec, Roman  |u 065000  |4 aut  |U MTF Materiálovotechnologická fakulta  |T MTF Ústav integrovanej bezpečnosti  |X 80523  |U M5000  |Y 85  |7 80523 
242 0 1 |a Measurement of fire characteristics of selected dust in dependence of particle size  |y eng 
245 1 0 |a Meranie požiarno-technických charakteristík vybraného druhu prachu v závislosti na veľkosti častíc 
260 |c 2019 
650 4 |a prach  |2 slo 
650 4 |a prachové častice  |2 slo 
650 4 |a koncentrácia prachu  |2 slo 
650 4 |a výbuch  |2 slo 
650 4 |a výbuchové charakteristiky  |2 slo 
650 4 |a explosion characteristics  |2 eng 
650 4 |a dust particles  |2 eng 
650 4 |a dust concentration  |2 eng 
650 4 |a explosion  |2 eng 
650 4 |a dust  |2 eng 
700 1 |a Kuracina, Richard  |u 065200  |k Z1  |4 ths  |U MTF Ústav integrovanej bezpečnosti  |T MTF Katedra bezpečnostného inžinierstva  |X 38282  |U M5200  |Y 192  |7 A000038282 
856 4 |u http://is.stuba.sk/zp/portal_zp.pl?podrobnosti=139602 
996 |c M* BP-8522  |l MMSKP  |s P  |a 0  |w stuzp74062_0001